SYNCHRO ENGINEERING HANDBOOK (Record no. 583420)
[ view plain ]
| 000 -LEADER | |
|---|---|
| fixed length control field | 00263nam a22001097a 4500 |
| 082 ## - DEWEY DECIMAL CLASSIFICATION NUMBER | |
| Classification number | 620 UPS'S |
| 100 ## - MAIN ENTRY--PERSONAL NAME | |
| Personal name | UPSON, A.R,BATCHELOR, J.H |
| 9 (RLIN) | 78271 |
| 245 ## - TITLE STATEMENT | |
| Title | SYNCHRO ENGINEERING HANDBOOK |
| 260 ## - PUBLICATION, DISTRIBUTION, ETC. | |
| Place of publication, distribution, etc. | LONDON |
| Name of publisher, distributor, etc. | HYTCHINSON |
| Date of publication, distribution, etc. | 1966 |
| 300 ## - PHYSICAL DESCRIPTION | |
| Extent | XII, 235P |
| 942 ## - ADDED ENTRY ELEMENTS (KOHA) | |
| Koha item type | Book |
| Withdrawn status | Lost status | Damaged status | Not for loan | Permanent Location | Current Location | Shelving location | Date acquired | Total Checkouts | Full call number | Barcode | Date last seen | Price effective from | Koha item type |
|---|---|---|---|---|---|---|---|---|---|---|---|---|---|
| College of Electrical & Mechanical Engineering (CEME) | College of Electrical & Mechanical Engineering (CEME) | Reference | 06/15/2017 | 620 UPS'S | CEME-8331 | 06/28/2021 | 06/28/2021 | Book |
